| 000 | 01176cam a2200373 4500 | ||
|---|---|---|---|
| 008 | 090401t1990 xxu||||| |||| 00| 0 eng d | ||
| 020 | _a0947877789 | ||
| 035 | _a(Sirsi) u70371 | ||
| 041 | _aeng | ||
| 050 | _a614.7 | ||
| 110 |
_aRosehaugh plc _92902 |
||
| 245 | _aBuildings and health : the Rosehaugh guide to the design, construction, use and management of buildings | ||
| 260 |
_aLondon _bRIBA Publications _c1990 |
||
| 300 | _axx,522p. : ill. ; 25cm. | ||
| 350 | _a75 | ||
| 650 | _aAIR QUALITY | ||
| 650 | _aMANAGEMENT-HEALTH AND SAFETY-HAZARDOUS SUBSTANCES-ASBESTOS | ||
| 650 | _aBUILT ENVIRONMENT-CONSTRUCTION DESIGN | ||
| 650 | _aBUILT ENVIRONMENT-BUILDING MATERIALS | ||
| 650 | _aCHLOROFLUOROCARBONS | ||
| 650 | _aCONTAMINATED LAND | ||
| 650 | _aENVIRONMENTALLY FRIENDLY BUILDINGS | ||
| 650 | _aFIRE | ||
| 650 | _aGREENHOUSE EFFECT | ||
| 650 | _aHAZARDOUS MATERIALS | ||
| 650 | _aLEGIONNAIRES' DISEASE | ||
| 650 | _aRADON | ||
| 650 | _aSICK BUILDINGS SYNDROME | ||
| 650 | _aWATER QUALITY | ||
| 690 | _aBUILT ENVIRONMENT | ||
| 700 |
_aCurwell, Steve ; March, Chris & Venables, Roger, _xEditor |
||
| 942 | _n0 | ||
| 948 | _c04/03/1997 | ||
| 999 |
_c95318 _d95318 |
||